[Event "Aut_2.Bundesliga_Ost_2003/04"]
[Site "Bruck/Leitha (1+2), Wien (3+4), Eichgraben (5-7), Wien (8+9), Eichgraben (10+11)"]
[Date "2004.02.28"]
[Round "10"]
[Board "2"]
[White "Lipka, Juraj"]
[Black "Antal, Gergely"]
[Result "1/2-1/2"]
[WhiteElo "2417"]
[BlackElo "2498"]
[PlyCount "49"]

1.e4 c5 2.Nf3 e6 3.g3 d6 4.Bg2 Nf6 5.d3 Nc6 6.O-O Be7 7.c4 O-O 8.Nc3 a6 9.d4 e5
10.dxc5 dxc5 11.Qxd8 Bxd8 12.Be3 Nd4 13.Nxe5 Re8 14.Nd3 Nc2 15.Rad1 Nxe3 16.fxe3
Ba5 17.Nxc5 Bb4 18.e5 Bg4 19.Bf3 Rxe5 20.Nxb7 Rb8 21.Rd8+ Rxd8 22.Nxd8 Bxc3
23.bxc3 Rxe3 24.Bxg4 Nxg4 25.Nxf7

[Event "Aut_2.Bundesliga_Ost_2003/04"]
[Site "Bruck/Leitha (1+2), Wien (3+4), Eichgraben (5-7), Wien (8+9), Eichgraben (10+11)"]
[Date "2004.02.28"]
[Round "10"]
[Board "3"]
[White "Manik, Mikulas"]
[Black "Alvir, Aco"]
[Result "1/2-1/2"]
[WhiteElo "2493"]
[BlackElo "2374"]
[PlyCount "44"]

1.e4 g6 2.d4 Bg7 3.Nc3 d6 4.Nge2 Nd7 5.g3 c5 6.Bg2 cxd4 7.Nxd4 Ngf6 8.O-O O-O
9.a4 a6 10.Re1 Re8 11.h3 Qc7 12.Nb3 Nc5 13.Nd4 Ncd7 14.a5 Rb8 15.Nb3 b5 16.axb6
Nxb6 17.Na5 Nc4 18.Nxc4 Qxc4 19.Ra4 Qc7 20.Qe2 Be6 21.Qxa6 Nd7 22.Qa7 Qc8

[Event "Aut_2.Bundesliga_Ost_2003/04"]
[Site "Bruck/Leitha (1+2), Wien (3+4), Eichgraben (5-7), Wien (8+9), Eichgraben (10+11)"]
[Date "2004.02.28"]
[Round "10"]
[Board "4"]
[White "Kuthan, Andreas"]
[Black "Todor, Razvan"]
[Result "1-0"]
[WhiteElo "2237"]
[BlackElo "2223"]
[PlyCount "105"]

1.e4 e5 2.Nf3 Nc6 3.Bb5 a6 4.Ba4 Nf6 5.O-O b5 6.Bb3 Be7 7.Re1 Bb7 8.c3 d5 9.d4
Nxe4 10.dxe5 Na5 11.Bc2 Nc4 12.Nd4 Bg5 13.f4 Bh4 14.Rf1 Qd7 15.e6 fxe6 16.Qh5+
Qf7 17.Qxh4 c5 18.Nf3 Rd8 19.Ne5 Qf5 20.Nxc4 bxc4 21.Nd2 d4 22.Bxe4 Bxe4 23.Nxe4
Qxe4 24.Qh5+ g6 25.Qxc5 d3 26.Qe3 Qd5 27.Bd2 O-O 28.Qe5 Qc6 29.Rae1 Rd6 30.b3
Rf5 31.Qe4 cxb3 32.Qxc6 Rxc6 33.axb3 Rb5 34.b4 a5 35.bxa5 Rb2 36.Rf2 Ra6 37.Be3
Rb3 38.Bd4 Rxa5 39.Rd2 Rf5 40.g3 Rd5 41.Rxd3 g5 42.Rxe6 gxf4 43.gxf4 Kf7 44.Re5
Rd6 45.Rde3 Rg6+ 46.Rg5 Rb1+ 47.Kf2 Ra6 48.Rg7+ Kf8 49.Rxh7 Ra2+ 50.Re2 Raa1
51.Bc5+ Kg8 52.Rd7 Rf1+ 53.Kg2

[Event "Aut_2.Bundesliga_Ost_2003/04"]
[Site "Bruck/Leitha (1+2), Wien (3+4), Eichgraben (5-7), Wien (8+9), Eichgraben (10+11)"]
[Date "2004.02.28"]
[Round "10"]
[Board "5"]
[White "Achs, Reinhold"]
[Black "Travenec, Igor"]
[Result "1/2-1/2"]
[WhiteElo "2140"]
[BlackElo "2234"]
[PlyCount "90"]

1.c4 e5 2.b3 Nc6 3.Bb2 d6 4.g3 Nge7 5.Bg2 g6 6.e3 Bg7 7.Ne2 O-O 8.O-O Bf5 9.d3
Qd7 10.Nbc3 Bh3 11.Rc1 Bxg2 12.Kxg2 Nd8 13.d4 Ne6 14.dxe5 Bxe5 15.Ng1 Bg7 16.Qe2
Qc6+ 17.f3 f5 18.Rfd1 Qb6 19.Na4 Qc6 20.Bxg7 Nxg7 21.Nc3 Rae8 22.Nh3 Nh5 23.Qd2
h6 24.Kf2 g5 25.Nd5 Rf7 26.Rc3 Nxd5 27.Qxd5 Nf6 28.Qxc6 bxc6 29.Ng1 g4 30.Ne2
gxf3 31.Kxf3 Ne4 32.Rcd3 Nc5 33.Rc3 Ne4 34.Rcd3 Ng5+ 35.Kf2 c5 36.Nf4 Kg7
37.Nh5+ Kg6 38.Nf4+ Kh7 39.Kg2 Ne4 40.Rf1 Rg8 41.Nd5 h5 42.Rf4 Kh6 43.Nc3 Nxc3
44.Rxc3 Rg4 45.Rc1 Kg6

[Event "Aut_2.Bundesliga_Ost_2003/04"]
[Site "Bruck/Leitha (1+2), Wien (3+4), Eichgraben (5-7), Wien (8+9), Eichgraben (10+11)"]
[Date "2004.02.28"]
[Round "10"]
[Board "6"]
[White "Froschauer, Hans"]
[Black "Plank, Franz"]
[Result "0-1"]
[WhiteElo "2120"]
[BlackElo "2236"]
[PlyCount "140"]

1.c4 e6 2.d4 d5 3.e3 Nf6 4.Nf3 Be7 5.Be2 dxc4 6.O-O O-O 7.Bxc4 a6 8.Qc2 c5 9.Rd1
Nc6 10.a3 cxd4 11.exd4 Bd7 12.Nc3 Rc8 13.Bd3 Qc7 14.Bg5 h6 15.Bh4 Rfd8 16.Qe2
Be8 17.Rac1 Qa5 18.Bb1 Nd5 19.Qe4 g6 20.Bxe7 Ncxe7 21.Nxd5 Nxd5 22.Rxc8 Rxc8
23.Ne5 Qc7 24.h4 Nf6 25.Qe3 Kg7 26.g4 Nd5 27.Qe4 Ba4 28.Re1 Bc2 29.Bxc2 Qxc2
30.Qf3 Rc7 31.Nd3 Qc6 32.g5 h5 33.Nf4 Ne7 34.Qe3 Qd6 35.Ne2 Nf5 36.Qe4 Rd7
37.Rd1 Qd5 38.Qxd5 Rxd5 39.Nc3 Rxd4 40.Rxd4 Nxd4 41.Kg2 Kf8 42.Ne4 Nf5 43.Nc5
Nxh4+ 44.Kh3 Nf3 45.Nxb7 Nxg5+ 46.Kh4 Ne4 47.f3 Nd2 48.Kg3 Nc4 49.Nc5 Nxb2
50.Nxa6 Ke7 51.Nc5 Kd6 52.Ne4+ Ke5 53.Ng5 Kf6 54.Ne4+ Ke7 55.Nc5 e5 56.a4 Nc4
57.Kh4 f6 58.Kg3 g5 59.Ne4 Kf7 60.Nc5 Na5 61.Ne4 Kg6 62.Nd6 f5 63.Kh3 Kf6
64.Ne8+ Kf7 65.Nd6+ Ke6 66.Ne8 h4 67.Ng7+ Kf6 68.Ne8+ Kf7 69.Nd6+ Kg6 70.Kg2 g4

[Event "Aut_2.Bundesliga_Ost_2003/04"]
[Site "Bruck/Leitha (1+2), Wien (3+4), Eichgraben (5-7), Wien (8+9), Eichgraben (10+11)"]
[Date "2004.02.28"]
[Round "10"]
[Board "1"]
[White "Tibensky, Robert"]
[Black "Lau, Ralf"]
[Result "1/2-1/2"]
[WhiteElo "2405"]
[BlackElo "2497"]
[PlyCount "21"]

1.d4 Nf6 2.Nf3 e6 3.e3 c5 4.Bd3 b6 5.O-O Bb7 6.c4 Be7 7.Nc3 cxd4 8.exd4 d6 9.d5
e5 10.Ng5 Nbd7 11.f4

[Event "Aut_2.Bundesliga_Ost_2003/04"]
[Site "Bruck/Leitha (1+2), Wien (3+4), Eichgraben (5-7), Wien (8+9), Eichgraben (10+11)"]
[Date "2004.02.28"]
[Round "10"]
[Board "2"]
[White "Kleiser, Gregor"]
[Black "Wallner, Joachim"]
[Result "1/2-1/2"]
[WhiteElo "2235"]
[BlackElo "2297"]
[PlyCount "71"]

1.d4 d5 2.c4 c6 3.cxd5 cxd5 4.Bf4 Nc6 5.Nc3 Nf6 6.Rc1 a6 7.Nf3 Bf5 8.e3 Rc8
9.Be2 e6 10.O-O Bb4 11.Qa4 O-O 12.Ne5 Qa5 13.Nxc6 Rxc6 14.Qxa5 Bxa5 15.Na4 Rfc8
16.Rxc6 Rxc6 17.Nc5 b6 18.Nb3 Rc2 19.Rc1 Rxc1+ 20.Nxc1 b5 21.Nb3 Bb6 22.Nc5 Bb1
23.a4 bxa4 24.Nxa4 Ba5 25.Bxa6 Ne4 26.Nc5 Nd2 27.Nd3 Nc4 28.b4 Bxd3 29.bxa5 e5
30.dxe5 Bf5 31.Bxc4 dxc4 32.a6 c3 33.f3 Be4 34.a7 c2 35.a8=Q+ Bxa8 36.e4

[Event "Aut_2.Bundesliga_Ost_2003/04"]
[Site "Bruck/Leitha (1+2), Wien (3+4), Eichgraben (5-7), Wien (8+9), Eichgraben (10+11)"]
[Date "2004.02.28"]
[Round "10"]
[Board "3"]
[White "Ganaus, Hannes"]
[Black "Kreindl, Helmut"]
[Result "1/2-1/2"]
[WhiteElo "2349"]
[BlackElo "2219"]
[PlyCount "97"]

1.Nf3 d5 2.c4 e6 3.e3 Nf6 4.d4 Be7 5.Bd3 O-O 6.O-O a6 7.b3 b6 8.Nbd2 Bb7 9.Qc2
Nbd7 10.Bb2 h6 11.a3 Rc8 12.Rad1 c5 13.Qb1 Qc7 14.Rfe1 Rfd8 15.cxd5 Nxd5 16.Rc1
Qb8 17.Ne5 Nxe5 18.dxe5 Rd7 19.Red1 Rcd8 20.Nf1 Qa8 21.Qc2 Bf8 22.Qe2 Ne7 23.f3
Nc6 24.Bc2 g6 25.Nd2 Bg7 26.f4 b5 27.Nf3 Ne7 28.a4 bxa4 29.bxa4 Bf8 30.Bc3 Nc6
31.h4 Nb4 32.Bxb4 Bxf3 33.gxf3 cxb4 34.h5 Rxd1+ 35.Rxd1 Rxd1+ 36.Qxd1 gxh5
37.Qd3 Bg7 38.Kf2 a5 39.Qc4 Qd8 40.Ke2 h4 41.f5 exf5 42.e6 Qf6 43.Qc8+ Bf8
44.exf7+ Qxf7 45.Bxf5 Qa2+ 46.Kd3 Qd5+ 47.Ke2 Qa2+ 48.Kd3 Qd5+ 49.Ke2

[Event "Aut_2.Bundesliga_Ost_2003/04"]
[Site "Bruck/Leitha (1+2), Wien (3+4), Eichgraben (5-7), Wien (8+9), Eichgraben (10+11)"]
[Date "2004.02.28"]
[Round "10"]
[Board "4"]
[White "Schwaninger, Wolfgang"]
[Black "Franzen, Jozef"]
[Result "1/2-1/2"]
[WhiteElo "2226"]
[BlackElo "2402"]
[PlyCount "226"]

1.d4 Nf6 2.Nf3 e6 3.g3 d5 4.Bg2 a6 5.O-O Be7 6.c4 O-O 7.Nc3 Nbd7 8.c5 b6 9.b4
Bb7 10.Bb2 Ne4 11.Nxe4 dxe4 12.Nd2 f5 13.Qc2 Bd5 14.f3 exf3 15.exf3 f4 16.Ne4
Qe8 17.Bc1 fxg3 18.hxg3 a5 19.Bf4 axb4 20.cxb6 cxb6 21.Rfe1 Rxa2 22.Rxa2 b3
23.Qb2 bxa2 24.Nc3 Qa8 25.Ra1 Bxf3 26.Qxa2 Qxa2 27.Rxa2 Bxg2 28.Kxg2 Rc8 29.Nb5
Nf6 30.Nc7 Kf7 31.Ra7 Rd8 32.Nb5 Rd7 33.Ra6 Nd5 34.Be5 Bf6 35.Nd6+ Kg6 36.Nc4 b5
37.Nd6 b4 38.Nc4 Kf5 39.Kf3 Bxe5 40.g4+ Kg5 41.Nxe5 Rb7 42.Rxe6 b3 43.Kg3 g6
44.Nc4 Nc3 45.Re5+ Kf6 46.g5+ Kg7 47.Nb2 Kf7 48.Re3 Nd5 49.Re5 Ne7 50.Kf4 Nc6
51.Re4 Rd7 52.Ke3 Rd5 53.Rg4 Ke6 54.Nd3 Kf5 55.Rh4 Kxg5 56.Rxh7 Nxd4 57.Ke4 Rd8
58.Rb7 Nf5 59.Rxb3 Re8+ 60.Ne5 Ra8 61.Rb6 Ra4+ 62.Kd3 Nh4 63.Nxg6 Nxg6 64.Kc3
Kf5 65.Rb8 Ne5 66.Rh8 Ke6 67.Re8+ Kd5 68.Rd8+ Kc5 69.Rc8+ Nc6 70.Kd3 Kd5 71.Ke3
Re4+ 72.Kf3 Nd4+ 73.Kg3 Re3+ 74.Kf4 Rf3+ 75.Kg4 Rf1 76.Rd8+ Ke5 77.Re8+ Ne6
78.Kg3 Rf6 79.Ra8 Rg6+ 80.Kf3 Nd4+ 81.Kf2 Rf6+ 82.Kg3 Ke4 83.Re8+ Ne6 84.Ra8
Rg6+ 85.Kf2 Nd4 86.Re8+ Kf4 87.Rf8+ Nf5 88.Ke2 Rg3 89.Kd2 Ke4 90.Re8+ Kd5
91.Rd8+ Nd6 92.Ra8 Nc4+ 93.Ke2 Ke4 94.Re8+ Ne5 95.Kd2 Rh3 96.Kc2 Rh7 97.Kc3 Rc7+
98.Kd2 Rd7+ 99.Kc3 Kd5 100.Kd2 Kd4 101.Ke2 Rf7 102.Rd8+ Ke4 103.Re8 Ra7 104.Kd2
Ra3 105.Rd8 Nc4+ 106.Kc2 Ne3+ 107.Kb2 Ra7 108.Re8+ Kd4 109.Rd8+ Nd5 110.Kc2 Rb7
111.Rd6 Rc7+ 112.Kd2 Rh7 113.Ke2 Rh3

[Event "Aut_2.Bundesliga_Ost_2003/04"]
[Site "Bruck/Leitha (1+2), Wien (3+4), Eichgraben (5-7), Wien (8+9), Eichgraben (10+11)"]
[Date "2004.02.28"]
[Round "10"]
[Board "5"]
[White "Fusi, Christoph"]
[Black "Wallner, Alfred"]
[Result "1/2-1/2"]
[WhiteElo "2241"]
[BlackElo "2241"]
[PlyCount "36"]

1.e4 c5 2.Nf3 d6 3.d4 Nf6 4.Nc3 cxd4 5.Nxd4 a6 6.Be3 e6 7.f3 Be7 8.Qd2 Nc6 9.g4
O-O 10.h4 Nxd4 11.Qxd4 b5 12.O-O-O Bb7 13.h5 e5 14.Qd2 b4 15.Nd5 Nxd5 16.exd5 a5
17.Bd3 h6 18.Be4 Bg5

[Event "Aut_2.Bundesliga_Ost_2003/04"]
[Site "Bruck/Leitha (1+2), Wien (3+4), Eichgraben (5-7), Wien (8+9), Eichgraben (10+11)"]
[Date "2004.02.28"]
[Round "10"]
[Board "6"]
[White "Ponjican, Erich"]
[Black "Zetthofer, Gerald"]
[Result "1-0"]
[WhiteElo "2115"]
[BlackElo "2225"]
[PlyCount "55"]

1.e4 e6 2.d4 d5 3.Nc3 Bb4 4.e5 b6 5.Qg4 Bf8 6.Nf3 Qd7 7.Bb5 c6 8.Be2 Ba6 9.O-O
Ne7 10.Rd1 Nf5 11.a4 Be7 12.Bg5 h6 13.Bxe7 Qxe7 14.a5 Bxe2 15.Nxe2 b5 16.c3 c5
17.dxc5 Qxc5 18.Ned4 Nxd4 19.cxd4 Qf8 20.Rac1 Nd7 21.Rc7 g6 22.Rdc1 Kd8 23.Qf4
Qe7 24.Qd2 f5 25.exf6 Qxf6 26.Qb4 a6 27.Qd6 Rh7 28.Ne5

[Event "Aut_2.Bundesliga_Ost_2003/04"]
[Site "Bruck/Leitha (1+2), Wien (3+4), Eichgraben (5-7), Wien (8+9), Eichgraben (10+11)"]
[Date "2004.02.28"]
[Round "10"]
[Board "1"]
[White "Srienz, Christian"]
[Black "Blatny, Pavel"]
[Result "0-1"]
[WhiteElo "2222"]
[BlackElo "2452"]
[PlyCount "60"]

1.e4 g6 2.d4 Bg7 3.Nc3 d6 4.Be3 Nd7 5.Qd2 a6 6.Nf3 e6 7.g3 b6 8.Bg2 Bb7 9.Rd1 h6
10.O-O Ne7 11.Ne1 b5 12.Nd3 Nf6 13.f3 Qd7 14.Bh3 Qd8 15.Nf4 b4 16.Nce2 g5
17.Nxe6 fxe6 18.Bxe6 Bc8 19.Bxc8 Qxc8 20.Qxb4 Rb8 21.Qa4+ Qd7 22.Qxa6 Rxb2
23.Rb1 Rxc2 24.d5 O-O 25.Nd4 Rc3 26.Qe2 Qa4 27.Qd2 Rxe3 28.Rb4 Rd3 29.Qxd3 Qxb4
30.Rb1 Qc5

[Event "Aut_2.Bundesliga_Ost_2003/04"]
[Site "Bruck/Leitha (1+2), Wien (3+4), Eichgraben (5-7), Wien (8+9), Eichgraben (10+11)"]
[Date "2004.02.28"]
[Round "10"]
[Board "2"]
[White "Penz, Harald"]
[Black "Bechmann, Gerhard"]
[Result "1/2-1/2"]
[WhiteElo "2307"]
[BlackElo "2141"]
[PlyCount "58"]

1.e4 c5 2.c3 e5 3.Bc4 Nc6 4.Nf3 Be7 5.d4 cxd4 6.cxd4 exd4 7.Nxd4 Qa5+ 8.Nc3 Qc5
9.Nxc6 dxc6 10.Qb3 Qh5 11.Bf4 Nf6 12.O-O O-O 13.Rad1 b5 14.Be2 Qg6 15.Bd6 Be6
16.Qa3 Bxd6 17.Qxd6 Rac8 18.Bf3 Bg4 19.Bxg4 Nxg4 20.Qxg6 hxg6 21.Rd7 a5 22.f3
Ne5 23.Re7 Nc4 24.b3 Nb6 25.Rb7 Rb8 26.Rxb8 Rxb8 27.Rd1 Kf8 28.Kf2 Ke7 29.Ke3 a4

[Event "Aut_2.Bundesliga_Ost_2003/04"]
[Site "Bruck/Leitha (1+2), Wien (3+4), Eichgraben (5-7), Wien (8+9), Eichgraben (10+11)"]
[Date "2004.02.28"]
[Round "10"]
[Board "3"]
[White "Thoma, Wilhelm Jun."]
[Black "Komora, Andrej"]
[Result "0-1"]
[WhiteElo "2161"]
[BlackElo "2298"]
[PlyCount "98"]

1.d4 Nf6 2.Nf3 g6 3.c4 Bg7 4.Nc3 O-O 5.e4 d6 6.Be2 e5 7.d5 a5 8.O-O Na6 9.Bg5 h6
10.Bh4 Nc5 11.Nd2 g5 12.Bg3 Ne8 13.Bg4 f5 14.Bxf5 Bxf5 15.exf5 Rxf5 16.Nde4 Nxe4
17.Nxe4 Nf6 18.f3 Qd7 19.Qc2 Rf8 20.a3 h5 21.b4 h4 22.Bf2 h3 23.Be3 g4 24.Ng3
hxg2 25.Qxg2 Rxf3 26.Rxf3 gxf3 27.Qxf3 e4 28.Qd1 Ng4 29.Bd4 e3 30.Ra2 Nf2 31.Qa1
Nh3+ 32.Kg2 Nf4+ 33.Kg1 Bxd4 34.Qxd4 e2 35.Rxe2 Nxe2+ 36.Nxe2 a4 37.Ng3 Rf3
38.Qe4 Qf7 39.Qg4+ Kf8 40.Qc8+ Qe8 41.Qxc7 Qe3+ 42.Kh1 Qe7 43.Qc8+ Kf7 44.c5 Rf2
45.Qe6+ Qxe6 46.dxe6+ Kxe6 47.Ne4 Ra2 48.Nxd6 Rxa3 49.Nxb7 Rc3

[Event "Aut_2.Bundesliga_Ost_2003/04"]
[Site "Bruck/Leitha (1+2), Wien (3+4), Eichgraben (5-7), Wien (8+9), Eichgraben (10+11)"]
[Date "2004.02.28"]
[Round "10"]
[Board "4"]
[White "Hangweyrer, Roman"]
[Black "Schwaiger, Michael"]
[Result "1-0"]
[WhiteElo "2214"]
[BlackElo "2084"]
[PlyCount "45"]

1.Nf3 c5 2.c4 Nf6 3.Nc3 e6 4.e4 d6 5.d4 cxd4 6.Nxd4 a6 7.Be2 Be7 8.Be3 O-O 9.g4
Qc7 10.g5 Nfd7 11.Qd2 Rd8 12.h4 Nf8 13.h5 Nc6 14.f4 b6 15.O-O-O Nxd4 16.Bxd4 b5
17.f5 Nd7 18.f6 Bf8 19.fxg7 Bxg7 20.Bxg7 Kxg7 21.g6 Ne5 22.gxf7 Qxf7 23.Qg5+

[Event "Aut_2.Bundesliga_Ost_2003/04"]
[Site "Bruck/Leitha (1+2), Wien (3+4), Eichgraben (5-7), Wien (8+9), Eichgraben (10+11)"]
[Date "2004.02.28"]
[Round "10"]
[Board "1"]
[White "Pingitzer, Harald"]
[Black "Plachetka, Jan"]
[Result "0-1"]
[WhiteElo "2381"]
[BlackElo "2457"]
[PlyCount "146"]

1.Nf3 c5 2.e3 Nf6 3.b3 g6 4.Bb2 Bg7 5.c4 O-O 6.Be2 d6 7.O-O b6 8.Nc3 Bb7 9.Qc2
Nbd7 10.d3 e6 11.Rfd1 Qe7 12.a3 Rac8 13.Nd2 d5 14.Bf1 Rfd8 15.Ne2 e5 16.cxd5
Nxd5 17.Rac1 Nf8 18.Qb1 h5 19.g3 h4 20.Bh3 Rc7 21.e4 Nf6 22.Nc4 N6h7 23.Nc3 Ng5
24.Bg2 h3 25.Bh1 Rcd7 26.Ne3 Qf6 27.Kf1 Nfe6 28.Ncd5 Bxd5 29.Nxd5 Rxd5 30.exd5
Nc7 31.f4 Nxd5 32.Re1 Nxf4 33.Bxe5 Qf5 34.Bxf4 Ne6 35.Be4 Qf6 36.Kg1 Nxf4
37.gxf4 Qxf4 38.Qc2 f5 39.Bc6 Rd6 40.Qe2 Kh7 41.Qf3 Qxf3 42.Bxf3 Rxd3 43.Bd1 Kh6
44.a4 Bd4+ 45.Kf1 g5 46.Ke2 Re3+ 47.Kd2 Rxe1 48.Kxe1 g4 49.Rc2 Kg5 50.Re2 Kf6
51.Kf1 Be5 52.Rd2 Bd4 53.Be2 Kg5 54.Ba6 f4 55.Bb7 g3 56.Bf3 Kf5 57.Re2 a6 58.Re8
b5 59.Rc8 g2+ 60.Bxg2 hxg2+ 61.Kxg2 Ke4 62.a5 Kd3 63.Rc6 Ke2 64.Re6+ Be3 65.Rxa6
f3+ 66.Kg3 Bf4+ 67.Kxf4 f2 68.Rc6 f1=Q+ 69.Ke5 Qa1+ 70.Kd6 Qd4+ 71.Kc7 c4
72.bxc4 Qa7+ 73.Kd6 b4

[Event "Aut_2.Bundesliga_Ost_2003/04"]
[Site "Bruck/Leitha (1+2), Wien (3+4), Eichgraben (5-7), Wien (8+9), Eichgraben (10+11)"]
[Date "2004.02.28"]
[Round "10"]
[Board "3"]
[White "Kummer, Helmut"]
[Black "Schumi, Manfred"]
[Result "1/2-1/2"]
[WhiteElo "2337"]
[BlackElo "2220"]
[PlyCount "59"]

1.d4 Nf6 2.c4 g6 3.Nc3 Bg7 4.e4 d6 5.Be2 O-O 6.Bg5 Na6 7.Qd2 e5 8.d5 c6 9.h4
cxd5 10.cxd5 Bd7 11.Bxa6 bxa6 12.h5 Qb6 13.Bxf6 Bxf6 14.Nf3 Rfc8 15.hxg6 hxg6
16.Rb1 Rab8 17.Ng1 Qd4 18.Nge2 Qxd2+ 19.Kxd2 Bg5+ 20.Kd3 Bb5+ 21.Nxb5 axb5 22.b3
Rc5 23.g4 Kg7 24.Rb2 Rbc8 25.a3 f5 26.gxf5 gxf5 27.Ng3 fxe4+ 28.Kxe4 Rf8 29.Nf5+
Kg6 30.Nxd6

[Event "Aut_2.Bundesliga_Ost_2003/04"]
[Site "Bruck/Leitha (1+2), Wien (3+4), Eichgraben (5-7), Wien (8+9), Eichgraben (10+11)"]
[Date "2004.02.28"]
[Round "10"]
[Board "4"]
[White "Bukacek, Emil"]
[Black "Sandhu, Mario"]
[Result "1/2-1/2"]
[WhiteElo "2267"]
[BlackElo "2338"]
[PlyCount "109"]

1.e4 c6 2.d4 d5 3.exd5 cxd5 4.Bd3 Nc6 5.c3 Nf6 6.h3 g6 7.Nf3 Bf5 8.O-O Bg7 9.Re1
O-O 10.Bf4 Rc8 11.Bf1 a6 12.Nbd2 h6 13.g4 Be6 14.Bd3 Qd7 15.Ne5 Nxe5 16.dxe5
Nxg4 17.hxg4 Bxg4 18.f3 Bf5 19.Nb3 g5 20.Bh2 Bxd3 21.Qxd3 Qh3 22.Rad1 e6 23.Nd4
b5 24.Rd2 Rc4 25.a3 Rfc8 26.f4 Qxd3 27.Rxd3 gxf4 28.Bxf4 a5 29.Rg3 Kh7 30.Bd2 b4
31.axb4 axb4 32.Rf3 bxc3 33.bxc3 Kg8 34.Kf2 R8c7 35.Nb5 Rd7 36.Nd4 Kh7 37.Ree3
Ra4 38.Ke2 Rb7 39.Rf1 Ra2 40.Kd3 Rab2 41.Ref3 Kg8 42.Rg1 Rb1 43.Rg2 Kh7 44.Rh3
R7b2 45.Nf3 Rd1 46.Rhg3 Bh8 47.Rh3 Bg7 48.Nd4 Rb7 49.Nc6 Kg8 50.Nd4 Kh7 51.Nf3
Rb2 52.Ke2 Ra1 53.Rh5 Rc1 54.Rh4 Rxc3 55.Rhg4

[Event "Aut_2.Bundesliga_Ost_2003/04"]
[Site "Bruck/Leitha (1+2), Wien (3+4), Eichgraben (5-7), Wien (8+9), Eichgraben (10+11)"]
[Date "2004.02.28"]
[Round "10"]
[Board "5"]
[White "Holzer, Gerhard"]
[Black "Vokroj, Rene"]
[Result "1-0"]
[WhiteElo "2245"]
[BlackElo "2257"]
[PlyCount "52"]

1.e4 d6 2.d4 Nf6 3.Nc3 c6 4.Bg5 Qa5 5.Qd2 Nbd7 6.Nf3 e5 7.Be2 Be7 8.O-O h6 9.Be3
Ng4 10.Nd1 Qc7 11.c3 O-O 12.h3 Nxe3 13.Nxe3 Nf6 14.Qc2 d5 15.exd5 e4 16.d6 Bxd6
17.Nd2 Qe7 18.Rae1 b6 19.b4 Bc7 20.Bd1 a5 21.a3 g5 22.Bg4 h5 23.Bxc8 Raxc8
24.Nxe4 Qe6 25.g4 hxg4 26.hxg4 Nxg4 {60 moves}

[Event "Aut_2.Bundesliga_Ost_2003/04"]
[Site "Bruck/Leitha (1+2), Wien (3+4), Eichgraben (5-7), Wien (8+9), Eichgraben (10+11)"]
[Date "2004.02.28"]
[Round "10"]
[Board "6"]
[White "Rogetzer, Klaus"]
[Black "Hofbauer, Martin"]
[Result "1/2-1/2"]
[WhiteElo "2119"]
[BlackElo "2267"]
[PlyCount "44"]

1.d4 Nf6 2.c4 g6 3.Nc3 Bg7 4.e4 d6 5.f3 O-O 6.Bg5 c5 7.d5 e6 8.Qd2 exd5 9.cxd5
a6 10.a4 h6 11.Bxh6 Nxe4 12.Nxe4 Qh4+ 13.g3 Qxh6 14.Qxh6 Bxh6 15.Nxd6 Rd8
16.Nxc8 Rxc8 17.f4 Nd7 18.O-O-O c4 19.Bh3 Rd8 20.Bxd7 Rxd7 21.Nf3 Rad8 22.Rhe1
b5

[Event "Aut_2.Bundesliga_Ost_2003/04"]
[Site "Bruck/Leitha (1+2), Wien (3+4), Eichgraben (5-7), Wien (8+9), Eichgraben (10+11)"]
[Date "2004.02.28"]
[Round "10"]
[Board "1"]
[White "Palkoevi, Jozsef"]
[Black "Varga, Zoltan"]
[Result "1/2-1/2"]
[WhiteElo "2428"]
[BlackElo "2564"]
[PlyCount "94"]

1.e4 d6 2.d4 Nf6 3.Nc3 e5 4.Nf3 Nbd7 5.Bc4 Be7 6.O-O O-O 7.Re1 c6 8.a4 a5 9.b3
Qc7 10.Bb2 Re8 11.Bd3 Bf8 12.Ne2 exd4 13.Bxd4 Nxe4 14.Ng3 Nef6 15.Rxe8 Nxe8
16.Ng5 Ndf6 17.Nh5 d5 18.Nxf6+ Nxf6 19.Bxf6 gxf6 20.Qh5 h6 21.Nf3 Qf4 22.h3 Bc5
23.Re1 Bd7 24.c4 Re8 25.Rxe8+ Bxe8 26.cxd5 Qc1+ 27.Kh2 Bxf2 28.Qg4+ Kf8 29.d6
Qc5 30.Qf4 Kg7 31.Bf5 Qd5 32.Qg4+ Kf8 33.d7 Qd6+ 34.g3 Bxd7 35.Bxd7 h5 36.Qf5 h4
37.Kh1 Bxg3 38.Bc8 Qd1+ 39.Ng1 Qxb3 40.Qxf6 Qxa4 41.Bxb7 Qe4+ 42.Qf3 Qxf3+
43.Nxf3 c5 44.Bd5 Ke7 45.Nd2 f5 46.Nc4 Be1 47.Kg2 Kf6

[Event "Aut_2.Bundesliga_Ost_2003/04"]
[Site "Bruck/Leitha (1+2), Wien (3+4), Eichgraben (5-7), Wien (8+9), Eichgraben (10+11)"]
[Date "2004.02.28"]
[Round "10"]
[Board "2"]
[White "Vavrak, Peter"]
[Black "Rumpl, Erwin"]
[Result "1-0"]
[WhiteElo "2338"]
[BlackElo "2254"]
[PlyCount "63"]

1.d4 Nf6 2.c4 c5 3.d5 d6 4.Nc3 g6 5.e4 Bg7 6.h3 O-O 7.Nf3 e6 8.Bd3 Re8 9.O-O Na6
10.dxe6 Bxe6 11.Bf4 Nd7 12.Bxd6 Nb6 13.Be5 Nb4 14.Bxg7 Qxd3 15.Qxd3 Nxd3 16.Bf6
Nd7 17.Bh4 Nxb2 18.Rfb1 Nxc4 19.Rxb7 Reb8 20.Rc7 Rc8 21.Rxc8+ Rxc8 22.Ng5 Nde5
23.Nxe6 fxe6 24.Rb1 Rc7 25.Rb8+ Kg7 26.f4 Nc6 27.Nb5 Rd7 28.Rc8 N4a5 29.e5 c4
30.Nd6 c3 31.Bf6+ Kh6 32.Rg8

[Event "Aut_2.Bundesliga_Ost_2003/04"]
[Site "Bruck/Leitha (1+2), Wien (3+4), Eichgraben (5-7), Wien (8+9), Eichgraben (10+11)"]
[Date "2004.02.28"]
[Round "10"]
[Board "3"]
[White "Gugler, Edgar"]
[Black "Stranz, Richard"]
[Result "1-0"]
[WhiteElo "2242"]
[BlackElo "2323"]
[PlyCount "57"]

1.d4 Nf6 2.Nf3 c5 3.d5 e6 4.Nc3 b5 5.Bg5 Bb7 6.Bxf6 gxf6 7.e4 a6 8.Be2 Bg7 9.O-O
O-O 10.Qd2 f5 11.exf5 b4 12.Ne4 Bxd5 13.Nxc5 Bxb2 14.Rab1 Bc3 15.Qh6 f6 16.Rfd1
Qe7 17.Na4 Nc6 18.Nb6 Bxa2 19.Rxd7 Bxb1 20.Rxe7 Nxe7 21.Nxa8 Rxa8 22.Bc4 Bxc2
23.Bxe6+ Kh8 24.Ng5 fxg5 25.f6 Rg8 26.Bxg8 Bxf6 27.Qxf6+ Kxg8 28.Qxe7 b3 29.Kf1

[Event "Aut_2.Bundesliga_Ost_2003/04"]
[Site "Bruck/Leitha (1+2), Wien (3+4), Eichgraben (5-7), Wien (8+9), Eichgraben (10+11)"]
[Date "2004.02.28"]
[Round "10"]
[Board "4"]
[White "Krpelan, Wolfgang"]
[Black "Wadsack, Wolfgang"]
[Result "1-0"]
[WhiteElo "2232"]
[BlackElo "2176"]
[PlyCount "99"]

1.c4 c6 2.e3 d5 3.Nc3 Nf6 4.Nf3 e6 5.Be2 Be7 6.O-O O-O 7.d4 dxc4 8.Bxc4 b5 9.Bd3
b4 10.Na4 Nbd7 11.Qc2 Bb7 12.Ne5 Rc8 13.Nxd7 Qxd7 14.Nc5 Qc7 15.f4 Rfd8 16.Bd2
Bxc5 17.Qxc5 Rd5 18.Qxb4 c5 19.Qb3 cxd4 20.Rac1 Qd7 21.Rxc8+ Bxc8 22.Rc1 Bb7
23.e4 Rh5 24.e5 Ng4 25.Be4 d3 26.Qxd3 Qxd3 27.Bxd3 f6 28.h3 Nh6 29.Be2 Rh4
30.exf6 gxf6 31.Rc7 Bd5 32.Rxa7 Nf5 33.Kf2 Nd6 34.Bf3 Bxf3 35.Kxf3 Nc4 36.Bc3 e5
37.fxe5 fxe5 38.b3 Rf4+ 39.Kg3 Re4 40.Kf2 Nb6 41.Kf3 Rf4+ 42.Ke2 Nd5 43.Bd2 Re4+
44.Kf2 Rd4 45.Be3 Rd3 46.Bh6 Nb4 47.Rg7+ Kh8 48.Rb7 Nc6 49.Rc7 Rd6 50.Rc8+

[Event "Aut_2.Bundesliga_Ost_2003/04"]
[Site "Bruck/Leitha (1+2), Wien (3+4), Eichgraben (5-7), Wien (8+9), Eichgraben (10+11)"]
[Date "2004.02.28"]
[Round "10"]
[Board "5"]
[White "Waller, Helmut"]
[Black "Ranits, Franz"]
[Result "0-1"]
[WhiteElo "2115"]
[BlackElo "2250"]
[PlyCount "142"]

1.d4 Nf6 2.Nf3 g6 3.Bf4 Bg7 4.Nbd2 d6 5.e4 Nbd7 6.e5 Nh5 7.g3 Nxf4 8.gxf4 Nf8
9.Ne4 Ne6 10.Qd2 Bh6 11.Neg5 dxe5 12.Nxe6 Bxe6 13.Nxe5 Qd5 14.f3 f6 15.c4 Qd6
16.c5 Qd8 17.Ng4 Bg7 18.Ne3 c6 19.a3 Qc7 20.f5 gxf5 21.Bc4 Qd7 22.O-O-O Bh6
23.Bxe6 Qxe6 24.Rhe1 O-O-O 25.Kb1 Qd7 26.Qc2 Bxe3 27.Rxe3 e5 28.Qa4 a6 29.Red3
e4 30.Rb3 Qd5 31.Qb4 Rd7 32.fxe4 fxe4 33.Qb6 Rhd8 34.Rb4 e3 35.Qa7 Rc7 36.Rg1 e2
37.Re1 Qe4+ 38.Ka2 Qd5+ 39.Ka1 f5 40.Qa8+ Kd7 41.Qa7 b5 42.cxb6 Rxa7 43.bxa7 Ra8
44.Rb7+ Kc8 45.Re7 Rxa7 46.Re8+ Kc7 47.R1xe2 Qxd4 48.R2e7+ Kb6 49.Rb8+ Ka5
50.Re1 Rg7 51.Rb4 Qd5 52.Rc1 c5 53.Rb8 Qd4 54.Rxc5+ Qxc5 55.b4+ Qxb4 56.Rxb4
Rg1+ 57.Kb2 Rg2+ 58.Kb3 Rxh2 59.Rb7 Rh4 60.Rf7 f4 61.Rf5+ Kb6 62.a4 Kc6 63.Rf6+
Kd5 64.Rxa6 f3 65.Rf6 Ke4 66.Kc3 Ke3 67.a5 Ra4 68.Re6+ Kf2 69.a6 Kg2 70.Re7 Rxa6
71.Rxh7 Rg6

[Event "Aut_2.Bundesliga_Ost_2003/04"]
[Site "Bruck/Leitha (1+2), Wien (3+4), Eichgraben (5-7), Wien (8+9), Eichgraben (10+11)"]
[Date "2004.02.28"]
[Round "10"]
[Board "6"]
[White "Kocsisek, Marcus"]
[Black "Wadsack, Winfried"]
[Result "1/2-1/2"]
[WhiteElo "2215"]
[BlackElo "2146"]
[PlyCount "31"]

1.d4 d5 2.Nf3 Nf6 3.e3 Bg4 4.Be2 e6 5.O-O c5 6.b3 Nc6 7.Bb2 Be7 8.Nbd2 O-O 9.h3
Bh5 10.a3 Nd7 11.Ne5 Bxe2 12.Qxe2 cxd4 13.exd4 Rc8 14.Ndf3 Qc7 15.Rfc1 Ndxe5
16.dxe5